25 Iconic Movie Moments III Quiz Stats

 Plays Quiz Updated Jul 6, 2016

Challenge
Share
Tweet
Score 0/25 Timer 10:00
20 Plays Today
% Correct
Jurassic Park
98.9%
The Lion King
96.8%
Titanic
96.6%
Spider-Man
95.8%
Toy Story
95.3%
E.T. the Extra-Terrestrial
94.1%
Dirty Dancing
91.8%
The Matrix
90%
Good Will Hunting
85.6%
Pulp Fiction
82.3%
Ghost
82.3%
Planet of the Apes
76.4%
Rain Man
74.3%
% Correct
Monty Python and the Holy Grail
73.7%
The Big Lebowski
72.2%
Sixteen Candles
70.7%
American Psycho
62.2%
This Is Spinal Tap
49.7%
Chinatown
35.8%
Network
32.8%
From Here to Eternity
32.6%
Metropolis
30.7%
Sunset Blvd.
29.8%
Do the Right Thing
25.1%
Eraserhead
5.3%

You're not logged in!

Compare scores with friends on all Sporcle quizzes.
OR
Log In

You Might Also Like...

Show Comments

Extras

Top Quizzes Today


Score Distribution

Your Account Isn't Verified!

In order to create a playlist on Sporcle, you need to verify the email address you used during registration. Go to your Sporcle Settings to finish the process.

Report this User

Report this user for behavior that violates our Community Guidelines.

Details: